[Event "Open dell'Ariete"]
[Site "Torino ITA"]
[Date "2015.04.23"]
[Round "5"]
[White "Ricciardi, Arcangelo"]
[Black "Fassio, Francesco"]
[WhiteElo "1745"]
[BlackElo "1637"]
[Result "1-0"]
[PlyCount "61"]
[EventDate "2015.03.26"]

1. e4 e5 2. Nf3 Nf6 3. Bc4 Nxe4 4. Qe2 d5 5. O-O Be7 6. Nxe5 O-O 7. Bb3 Be6 8.
a4 Nd7 9. f4 Nd6 10. Qf3 c6 11. g4 f6 12. Nxd7 Bxd7 13. f5 Ne4 14. Qxe4 Bd6 15.
Bxd5+ Kh8 16. Bc4 Re8 17. Qf3 b5 18. Bd3 c5 19. Be4 Rc8 20. d3 b4 21. c4 bxc3
22. Nxc3 Qb6 23. Rf2 c4 24. Be3 Qc7 25. Bf4 Bxf4 26. Qxf4 Qc5 27. Kg2 Rb8 28.
g5 Rg8 29. h4 Be8 30. Qxb8 Bh5 31. Qf4 1-0

[Event "Open dell'Ariete"]
[Site "Torino ITA"]
[Date "2015.04.30"]
[Round "6"]
[White "Bosetti, Roberto"]
[Black "Ricciardi, Arcangelo"]
[WhiteElo "1774"]
[BlackElo "1745"]
[Result "1-0"]
[PlyCount "137"]
[EventDate "2015.03.26"]

1. d4 Nf6 2. c4 e6 3. Nc3 d5 4. Bg5 dxc4 5. e4 Be7 6. Nf3 O-O 7. Bxc4 h6 8. Bf4
Re8 9. O-O c6 10. a4 Nbd7 11. Qb3 Nb6 12. a5 Nxc4 13. Qxc4 Bd7 14. b4 b5 15.
Qb3 a6 16. Rfd1 Qc8 17. Rac1 Qb7 18. Re1 Rac8 19. h3 c5 20. dxc5 Bc6 21. Qc2
Red8 22. Re3 g5 23. Bg3 Nh5 24. Ne5 Nxg3 25. Rxg3 Rd4 26. Nxc6 Qxc6 27. Qb3
Rcd8 28. Re1 Rc4 29. Rge3 Rdd4 30. Na2 Rxe4 31. Rxe4 Rxe4 32. Rxe4 Qxe4 33. Qb2
f5 34. Qc1 Qc6 35. Qe3 Qd5 36. Qe2 Bf6 37. Nc1 e5 38. Qd3 Qxd3 39. Nxd3 e4 40.
c6 Bd8 41. Nc5 Kf7 42. Nxa6 Ke7 43. c7 Bxc7 44. Nxc7 Kd6 45. Nxb5+ Kd5 46. Kf1
h5 47. Ke2 g4 48. hxg4 hxg4 49. Ke3 Ke5 50. g3 Kd5 51. Kf4 Kc6 52. Nd4+ Kd5 53.
Nxf5 Kc6 54. Kxe4 Kb5 55. Nd4+ Ka6 56. Kf4 Kb7 57. Kxg4 Ka6 58. Kf5 Kb7 59. Ke6
Ka6 60. f4 Kb7 61. f5 Kc7 62. f6 Kd8 63. f7 Kc7 64. f8=Q Kb7 65. Qd6 Ka7 66.
Nb5+ Ka8 67. Qc6+ Kb8 68. Qc7+ Ka8 69. Qa7# 1-0

[Event "Open dell'Ariete"]
[Site "Torino ITA"]
[Date "2015.04.30"]
[Round "6"]
[White "Di Chiara, Mauro"]
[Black "D'India, Bruno"]
[WhiteElo "1977"]
[BlackElo "1652"]
[Result "1-0"]
[PlyCount "73"]
[EventDate "2015.03.26"]

1. e4 e5 2. Nf3 Nc6 3. Bb5 a6 4. Ba4 Nf6 5. d3 d6 6. O-O Be7 7. c3 O-O 8. h3
Bd7 9. Re1 Qc8 10. Kh2 Re8 11. d4 b5 12. Bb3 Bf8 13. Ng5 Nd8 14. Nd2 h6 15.
Ngf3 c5 16. d5 c4 17. Bc2 g5 18. a4 Rb8 19. axb5 axb5 20. Qe2 g4 21. Nh4 gxh3
22. gxh3 Bxh3 23. Rg1+ Kh7 24. Rg3 Bg4 25. f3 h5 26. Nf1 Be7 27. Ne3 Rg8 28.
Nef5 Bxf5 29. Rxg8 Nxg8 30. Nxf5 Ra8 31. Rxa8 Qxa8 32. Qg2 Bf8 33. Qg5 Qa7 34.
Be3 Qd7 35. Qxh5+ Bh6 36. Bxh6 f6 37. Bf8+ 1-0

[Event "Open dell'Ariete"]
[Site "Torino ITA"]
[Date "2015.04.30"]
[Round "6"]
[White "Di Stefano, Marco T."]
[Black "Gussone, Claudio"]
[WhiteElo "1686"]
[BlackElo "1753"]
[Result "1/2-1/2"]
[PlyCount "72"]
[EventDate "2015.03.26"]

1. e4 d5 2. exd5 Qxd5 3. Nc3 Qa5 4. d4 c6 5. Nf3 Bf5 6. Bc4 Nf6 7. Qe2 e6 8.
O-O Be7 9. Ng5 h6 10. Nf3 O-O 11. Ne5 Nbd7 12. Bf4 Nxe5 13. dxe5 Nd5 14. Bd2
Qc7 15. a3 Bc5 16. Rae1 a5 17. Bb3 b5 18. Qf3 a4 19. Bxd5 cxd5 20. Nxd5 Qd7 21.
Nf6+ gxf6 22. Bxh6 Rfc8 23. g4 Bxc2 24. Qxf6 Bf8 25. Bxf8 Rxf8 26. Qg5+ Bg6 27.
Re3 Qd8 28. Qh6 Qd4 29. Rfe1 Qxg4+ 30. Kh1 Qh5 31. Qf4 Qf5 32. Qh6 Qxf2 33. Rg1
Qf5 34. Rh3 Qe4+ 35. Rg2 Qe1+ 36. Rg1 Qe4+ 1/2-1/2

[Event "Open dell'Ariete"]
[Site "Torino ITA"]
[Date "2015.04.30"]
[Round "6"]
[White "Fassio, Francesco"]
[Black "De Leon, Voltare Gello"]
[WhiteElo "1637"]
[BlackElo "1440"]
[Result "1-0"]
[PlyCount "39"]
[EventDate "2015.03.26"]

1. Nf3 Nf6 2. c4 e6 3. Nc3 b6 4. e4 d5 5. cxd5 exd5 6. e5 d4 7. Qa4+ c6 8. Qxd4
Qxd4 9. Nxd4 Nd5 10. Nxd5 cxd5 11. Bb5+ Bd7 12. O-O Bxb5 13. Nxb5 Bc5 14. d4
O-O 15. dxc5 Nd7 16. cxb6 axb6 17. f4 Nc5 18. Be3 Rfd8 19. Nd6 f6 20. b4 1-0

[Event "Open dell'Ariete"]
[Site "Torino ITA"]
[Date "2015.04.30"]
[Round "6"]
[White "Gatto, Salvatore"]
[Black "Plenzick, Angelo"]
[WhiteElo "1700"]
[BlackElo "1725"]
[Result "1/2-1/2"]
[PlyCount "66"]
[EventDate "2015.03.26"]

1. d4 c6 2. c4 d5 3. e3 f5 4. cxd5 cxd5 5. Nc3 Nf6 6. Bb5+ Bd7 7. Nf3 a6 8.
Bxd7+ Nbxd7 9. Bd2 e6 10. a3 Bd6 11. Ng5 Qe7 12. f4 O-O 13. O-O Rac8 14. Rc1
Ng4 15. h3 Nh6 16. Nf3 Nf7 17. Ne2 Nf6 18. Ne5 Ne4 19. Qe1 Qd8 20. Bb4 Rxc1 21.
Nxc1 Nxe5 22. dxe5 Bxb4 23. Qxb4 b5 24. Ne2 Qb6 25. Nd4 Rc8 26. Qe7 h6 27. Re1
Nc5 28. Re2 Qc7 29. Qxc7 Rxc7 30. Rc2 a5 31. b4 axb4 32. axb4 Na6 33. Rxc7 Nxc7
1/2-1/2

[Event "Open dell'Ariete"]
[Site "Torino ITA"]
[Date "2015.04.30"]
[Round "6"]
[White "Leoni, Alessandro"]
[Black "Masi, Adamo"]
[WhiteElo "1908"]
[BlackElo "1916"]
[Result "1-0"]
[PlyCount "50"]
[EventDate "2015.03.26"]

1. e4 d5 2. exd5 Qxd5 3. Nc3 Qa5 4. d4 c6 5. Bd2 Qb6 6. Nf3 Nf6 7. Bc4 e6 8.
Qe2 Be7 9. O-O-O Qc7 10. Rhe1 O-O 11. Ne5 b5 12. Bb3 Bd6 13. Kb1 a6 14. f4 Nd5
15. Ne4 Be7 16. Qh5 Nd7 17. Ng5 Bxg5 18. fxg5 Nxe5 19. dxe5 g6 20. Qh6 Qe7 21.
Re4 a5 22. Rh4 f5 23. gxf6 Qf7 24. c4 bxc4 25. Rxc4 Qc7 1-0

[Event "Open dell'Ariete"]
[Site "Torino ITA"]
[Date "2015.04.30"]
[Round "6"]
[White "Longo, Enrico"]
[Black "Carra, Andrea"]
[WhiteElo "1777"]
[BlackElo "1416"]
[Result "0-1"]
[PlyCount "56"]
[EventDate "2015.03.26"]

1. Nf3 Nf6 2. c4 e6 3. d4 b6 4. Bg5 Bb7 5. Nbd2 Be7 6. e3 O-O 7. Bd3 d5 8. Qc2
Nbd7 9. cxd5 exd5 10. O-O h6 11. Bh4 c5 12. b3 Ne4 13. Bxe7 Qxe7 14. Bb5 Rac8
15. Qb2 a6 16. Bxd7 Qxd7 17. Nxe4 dxe4 18. Ne5 Qe7 19. Rfe1 Rcd8 20. Rac1 Rd5
21. Rc2 Rfd8 22. Qc1 cxd4 23. Nc6 Bxc6 24. Rxc6 Rc5 25. Rxc5 Qxc5 26. Qd1 d3
27. Qd2 Qc2 28. Qc1 d2 0-1

[Event "Open dell'Ariete"]
[Site "Torino ITA"]
[Date "2015.04.30"]
[Round "6"]
[White "Manunta, Andrea"]
[Black "Ammirata, Achille"]
[WhiteElo "1885"]
[BlackElo "1440"]
[Result "0-1"]
[PlyCount "82"]
[EventDate "2015.03.26"]

1. d4 e6 2. c4 Nf6 3. Nf3 b6 4. a3 Bb7 5. Nc3 Be7 6. d5 O-O 7. e4 exd5 8. cxd5
d6 9. Bd3 Nbd7 10. O-O Ng4 11. Nd4 Nge5 12. Bc2 Bf6 13. Be3 Nc4 14. Bc1 Nc5 15.
f4 b5 16. b4 Nd7 17. Ndxb5 c6 18. Nd4 Qb6 19. Nce2 cxd5 20. exd5 Bxd5 21. Qd3
g6 22. Kh1 Qb7 23. Qg3 Rae8 24. Rb1 Be4 25. Bxe4 Qxe4 26. Qb3 Ndb6 27. Bb2 Ne3
28. Rg1 Nbc4 29. Rbc1 Nxb2 30. Qxb2 Nf5 31. Rgd1 Rc8 32. Nc3 Bxd4 33. Nxe4 Bxb2
34. Rb1 Rc2 35. g4 Ne3 36. Rxd6 Nxg4 37. Kg1 Nxh2 38. Rd2 Nf3+ 39. Kf2 f5 40.
Rxc2 fxe4 41. Rd1 Bd4+ 0-1

[Event "Open dell'Ariete"]
[Site "Torino ITA"]
[Date "2015.04.30"]
[Round "6"]
[White "Pitica, Silviu Valentin"]
[Black "Cutelli, Massimo"]
[WhiteElo "1918"]
[BlackElo "1580"]
[Result "1-0"]
[PlyCount "118"]
[EventDate "2015.03.26"]

1. Nf3 Nf6 2. d4 e6 3. c4 c5 4. d5 exd5 5. cxd5 d6 6. Nc3 g6 7. h3 Bg7 8. e4
O-O 9. Bd3 b5 10. Bxb5 Nxe4 11. Nxe4 Qa5+ 12. Nfd2 Qxb5 13. Nxd6 Qd3 14. N2c4
Qxd1+ 15. Kxd1 Ba6 16. Kc2 Nd7 17. Bf4 Nf6 18. Rad1 Rfd8 19. Bg5 Bxc4 20. Nxc4
Rxd5 21. Bxf6 Rxd1 22. Rxd1 Bxf6 23. Rd7 a5 24. Nd6 Rd8 25. Rxd8+ Bxd8 26. Nb7
Bc7 27. Kc3 Kf8 28. Kc4 Ke7 29. Nxc5 Kd6 30. Nd3 f5 31. Kb5 Bd8 32. b3 Kd5 33.
Nb2 Kd4 34. Nc4 Kc3 35. Nxa5 Kb2 36. Nc6 Bc7 37. a4 Kxb3 38. Nd4+ Kc3 39. Ne6
Bb8 40. Nf8 Ba7 41. f3 Kd3 42. Nxh7 Ke3 43. Nf8 g5 44. Ne6 g4 45. hxg4 fxg4 46.
fxg4 Ke4 47. Kc6 Ke5 48. Kd7 Kf6 49. a5 Bb8 50. a6 Ba7 51. Kd6 Bb8+ 52. Kd5 Ba7
53. Nd8 Kg5 54. Nc6 Bb6 55. Ne5 Ba7 56. Ke4 Kf6 57. Nc6 Bb6 58. a7 Bxa7 59.
Nxa7 Kg5 1-0

[Event "Open dell'Ariete"]
[Site "Torino ITA"]
[Date "2015.04.30"]
[Round "6"]
[White "Teofilatto, Stefano"]
[Black "Vozza, Augusto"]
[WhiteElo "1669"]
[BlackElo "1544"]
[Result "1-0"]
[PlyCount "71"]
[EventDate "2015.03.26"]

1. d4 Nf6 2. Nf3 d6 3. Bf4 Nbd7 4. h3 b6 5. e3 Bb7 6. Bd3 e6 7. Nbd2 Be7 8. c4
c5 9. O-O Qc7 10. Re1 Rc8 11. Bh2 Nb8 12. a3 a5 13. Rb1 Qd7 14. b4 axb4 15.
axb4 O-O 16. bxc5 bxc5 17. dxc5 dxc5 18. Ne5 Qc7 19. Nxf7 Qc6 20. Rxb7 Qxb7 21.
Ne5 Bd6 22. Ndf3 Qc7 23. Ng4 Bxh2+ 24. Nfxh2 Rcd8 25. Qc2 Nc6 26. Nxf6+ Rxf6
27. Bxh7+ Kh8 28. Ng4 Rf7 29. Bg6 Rff8 30. f4 Nb4 31. Qf2 Qe7 32. Ne5 Qf6 33.
Qg3 Nd3 34. Qg4 Nxe5 35. Qh5+ Kg8 36. Qh7# 1-0

[Event "Open dell'Ariete"]
[Site "Torino ITA"]
[Date "2015.05.07"]
[Round "7"]
[White "Ammirata, Achille"]
[Black "Pitica, Silviu Valentin"]
[WhiteElo "1440"]
[BlackElo "1918"]
[Result "0-1"]
[PlyCount "92"]
[EventDate "2015.03.26"]

1. Nf3 e6 2. d4 f5 3. Nc3 Bb4 4. a3 Bxc3+ 5. bxc3 Nf6 6. Bf4 O-O 7. e3 b6 8.
Bd3 Bb7 9. O-O d6 10. Nd2 Nbd7 11. c4 Qe8 12. Bg3 Qg6 13. c3 Nh5 14. Qe2 e5 15.
Rab1 Rae8 16. Qd1 a5 17. Be2 Nxg3 18. hxg3 Qh6 19. Bf3 e4 20. Be2 Qg5 21. Nb3
Ba8 22. c5 dxc5 23. dxc5 Ne5 24. cxb6 cxb6 25. Nd4 Rf6 26. Qa4 Re7 27. Qb5 Bb7
28. Qb3+ Kh8 29. Rfd1 h5 30. Kh2 h4 31. gxh4 Qxh4+ 32. Kg1 Nd3 33. g3 Qh3 34.
Bf1 Qh5 35. Bg2 Kh7 36. Kf1 Rh6 37. Ne2 Ba6 38. c4 Ne5 39. Rbc1 Rc7 40. Rd4
Rhc6 41. Nf4 Qg4 42. Ke1 Nxc4 43. Bh3 Qf3 44. Bg2 Qg4 45. Qa2 Ne5 46. Rcd1 Rc2
0-1

[Event "Open dell'Ariete"]
[Site "Torino ITA"]
[Date "2015.05.07"]
[Round "7"]
[White "Carra, Andrea"]
[Black "Gatto, Salvatore"]
[WhiteElo "1416"]
[BlackElo "1700"]
[Result "1-0"]
[PlyCount "103"]
[EventDate "2015.03.26"]

1. d4 e6 2. Nf3 c5 3. e3 a6 4. Nbd2 Nc6 5. c3 Nf6 6. Bd3 cxd4 7. exd4 Be7 8.
O-O d5 9. Re1 Qc7 10. Ne5 Bd7 11. f4 g6 12. Ndf3 Nh5 13. Nxc6 bxc6 14. Qe2 Nxf4
15. Bxf4 Qxf4 16. Ne5 Bd6 17. Rf1 Qh4 18. g3 Qh5 19. Qxh5 gxh5 20. Nxf7 Ke7 21.
Nxh8 Rxh8 22. Bxa6 c5 23. Be2 Be8 24. a4 Bg6 25. a5 cxd4 26. cxd4 Bb8 27. b4
Ba7 28. Rfd1 Rb8 29. b5 e5 30. b6 Bxb6 31. axb6 Rxb6 32. dxe5 Ke6 33. Ra6 Rxa6
34. Bxa6 Kxe5 35. Bd3 d4 36. Bxg6 hxg6 37. Kf2 g5 38. Ke2 Ke4 39. Kd2 Kf3 40.
Rf1+ Kg4 41. Kd3 Kh3 42. Kxd4 g4 43. Ke3 Kxh2 44. Kf2 h4 45. gxh4 g3+ 46. Kf3
g2 47. Rf2 Kh1 48. Ke2 g1=N+ 49. Ke3 Nh3 50. h5 Kg1 51. Rf5 Kg2 52. h6 1-0

[Event "Open dell'Ariete"]
[Site "Torino ITA"]
[Date "2015.05.07"]
[Round "7"]
[White "D'India, Bruno"]
[Black "Cutelli, Massimo"]
[WhiteElo "1652"]
[BlackElo "1580"]
[Result "1/2-1/2"]
[PlyCount "165"]
[EventDate "2015.03.26"]

1. d4 Nf6 2. e3 e6 3. Bd3 d5 4. f4 c5 5. c3 Nc6 6. Nd2 Bd6 7. Qf3 cxd4 8. exd4
Qb6 9. Nh3 Bd7 10. Nf2 a5 11. a4 g6 12. Bb5 Nh5 13. Nd3 Qc7 14. Ne5 O-O 15. O-O
Nxf4 16. Nxd7 Qxd7 17. Nb3 Nh5 18. Bh6 Rfe8 19. g4 Ng7 20. Qf6 Bf8 21. Nc5 Qe7
22. Qf2 Rec8 23. Rae1 Nd8 24. Nd7 Rc7 25. Nf6+ Kh8 26. Nxd5 Qd6 27. Nxc7 Qxc7
28. Qf6 Kg8 29. Bf4 Qe7 30. Qxe7 Bxe7 31. Kh1 h5 32. gxh5 Nxh5 33. Re4 Nf6 34.
Re3 Nd5 35. Rh3 Nxf4 36. Rxf4 f5 37. Bc4 Kg7 38. Rf1 Rc8 39. b3 Rc6 40. Re1 Bf6
41. Rhe3 f4 42. Rf3 g5 43. h4 Rd6 44. Rg1 Nf7 45. hxg5 Nxg5 46. Rxf4 Rb6 47.
Re1 Kg6 48. Bd3+ Kg7 49. Ref1 Be7 50. Bc4 Kg6 51. Bb5 Kg7 52. Rg1 Bf6 53. c4
Rd6 54. Be8 Rd8 55. Bb5 Rh8+ 56. Kg2 Rh3 57. Rgf1 Be7 58. Rf7+ Nxf7 59. Kxh3
Nd6 60. Bd7 Bf6 61. Re1 Nf5 62. d5 Nd4 63. dxe6 Kf8 64. Rb1 Nc2 65. Rd1 Nd4 66.
Bc8 b6 67. Rd3 Ke7 68. Kg4 Be5 69. Rh3 Kd6 70. Bd7 Bf6 71. Rh5 Nxb3 72. Rd5+
Kc7 73. Kf5 Be7 74. Rd1 Nc5 75. Rh1 Nb7 76. Rh8 Nd6+ 77. Kg6 Bd8 78. Bb5 Be7
79. Rh7 Kd8 80. Rh8+ Kc7 81. Bd7 Bd8 82. Rxd8 Kxd8 83. Bb5 1/2-1/2

[Event "Open dell'Ariete"]
[Site "Torino ITA"]
[Date "2015.05.07"]
[Round "7"]
[White "De Leon, Voltare Gello"]
[Black "Plenzick, Angelo"]
[WhiteElo "1440"]
[BlackElo "1725"]
[Result "0-1"]
[PlyCount "108"]
[EventDate "2015.03.26"]

1. e4 c6 2. d4 d5 3. exd5 cxd5 4. Bd3 Nf6 5. Bf4 Nc6 6. c3 a6 7. a4 Bg4 8. Qb3
Na5 9. Qc2 e6 10. f3 Bh5 11. Ne2 Bg6 12. Nd2 Bxd3 13. Qxd3 Rc8 14. O-O Bd6 15.
Be5 O-O 16. Ng3 Nc6 17. Rae1 Bxe5 18. dxe5 Nd7 19. f4 Qb6+ 20. Kh1 Qxb2 21. Rb1
Qa3 22. Nc4 Nc5 23. Nxa3 Nxd3 24. Rxb7 Na5 25. Rb6 Nc5 26. Ne2 Rc6 27. Rfb1
Nxa4 28. Rxc6 Nxc6 29. Nc2 g6 30. Ncd4 Nxc3 31. Rb6 Nxd4 32. Nxd4 Ra8 33. Nc6
Ne4 34. h4 h5 35. Kh2 Nd2 36. Rb2 Nc4 37. Ra2 a5 38. Nd4 a4 39. Kg3 a3 40. Kf3
Rb8 41. Ra1 Rb2 42. Ne2 a2 43. Nd4 Na3 44. g3 Nc2 45. Nxc2 Rxc2 46. Ke3 Kf8 47.
Rd1 Ke7 48. Ra1 Kd7 49. Kd3 Rg2 50. Kd4 Rxg3 51. Rxa2 Rg4 52. Kc5 Rxf4 53. Ra7+
Ke8 54. Ra8+ Ke7 0-1

[Event "Open dell'Ariete"]
[Site "Torino ITA"]
[Date "2015.05.07"]
[Round "7"]
[White "Di Chiara, Mauro"]
[Black "Leoni, Alessandro"]
[WhiteElo "1977"]
[BlackElo "1908"]
[Result "1-0"]
[PlyCount "45"]
[EventDate "2015.03.26"]

1. d4 Nf6 2. Nf3 g6 3. c4 Bg7 4. Nc3 d5 5. cxd5 Nxd5 6. e4 Nxc3 7. bxc3 c5 8.
Rb1 O-O 9. Be2 b6 10. O-O Ba6 11. Bxa6 Nxa6 12. Qe2 Nc7 13. Rd1 Qc8 14. Bg5 Ne6
15. Bxe7 Re8 16. Bd6 Rd8 17. Be5 Bxe5 18. dxe5 Rxd1+ 19. Rxd1 Nf4 20. Qe3 Qg4
21. g3 Nh3+ 22. Kg2 Re8 23. Qh6 1-0

[Event "Open dell'Ariete"]
[Site "Torino ITA"]
[Date "2015.05.07"]
[Round "7"]
[White "Gussone, Claudio"]
[Black "Fassio, Francesco"]
[WhiteElo "1753"]
[BlackElo "1637"]
[Result "1-0"]
[PlyCount "74"]
[EventDate "2015.03.26"]

1. Nf3 Nf6 2. g3 d5 3. Bg2 e6 4. O-O c5 5. d4 Nbd7 6. c4 Be7 7. cxd5 exd5 8.
Nc3 c4 9. Bg5 h6 10. Bd2 a6 11. Re1 O-O 12. e4 Nxe4 13. Nxe4 dxe4 14. Rxe4 Nf6
15. Re2 Rb8 16. Ne5 Qc7 17. Bc3 Be6 18. Qd2 Bd5 19. Bxd5 Nxd5 20. Rae1 Rfc8 21.
a3 Nxc3 22. Qxc3 b5 23. Rc1 Qb7 24. Qe3 a5 25. Rec2 Re8 26. Qc3 Ra8 27. Qf3 Qc7
28. Ng4 a4 29. Ne3 Qb6 30. Qg4 Bf8 31. Re2 Rad8 32. Nd5 Qd6 33. Rxe8 Rxe8 34.
Nc3 Qb6 35. Qd7 Rb8 36. Rd1 Rb7 37. Qg4 Rd7 1-0

[Event "Open dell'Ariete"]
[Site "Torino ITA"]
[Date "2015.05.07"]
[Round "7"]
[White "Masi, Adamo"]
[Black "Bosetti, Roberto"]
[WhiteElo "1916"]
[BlackElo "1774"]
[Result "1/2-1/2"]
[PlyCount "110"]
[EventDate "2015.03.26"]

1. d4 Nf6 2. g3 d5 3. Bg2 c6 4. Nf3 Bf5 5. O-O e6 6. Nh4 Be4 7. f3 Bg6 8. Nxg6
hxg6 9. e4 dxe4 10. fxe4 Be7 11. c4 O-O 12. Nc3 Na6 13. a3 Nc7 14. b4 a5 15.
Rb1 Qd7 16. Be3 axb4 17. axb4 Ra3 18. Qc1 Rfa8 19. h3 Nh5 20. Kh2 Nf6 21. Rd1
Nh7 22. e5 Bg5 23. Bxg5 Nxg5 24. h4 Nh7 25. Ne4 Ne8 26. Nc5 Qc7 27. b5 Ra2 28.
Rd2 Rxd2 29. Qxd2 Rd8 30. Qc3 cxb5 31. Rxb5 b6 32. Na4 Qd7 33. d5 exd5 34. Rxd5
Qc7 35. Qd4 Rxd5 36. Bxd5 Nf8 37. Nxb6 Qe7 38. Nc8 Qd7 39. Nd6 Nxd6 40. exd6
Ne6 41. Qe5 Kf8 42. Kg2 Qc8 43. h5 gxh5 44. Qxh5 Ke8 45. Qf3 Kd7 46. Qxf7+ Kxd6
47. Qxe6+ Qxe6 48. Bxe6 Kxe6 49. Kf3 Ke5 50. Kg4 Kd4 51. Kg5 Kxc4 52. Kg6 Kd5
53. g4 Ke5 54. Kg5 Ke6 55. Kg6 Ke5 1/2-1/2

[Event "Open dell'Ariete"]
[Site "Torino ITA"]
[Date "2015.05.07"]
[Round "7"]
[White "Ricciardi, Arcangelo"]
[Black "Manunta, Andrea"]
[WhiteElo "1745"]
[BlackElo "1885"]
[Result "1/2-1/2"]
[PlyCount "87"]
[EventDate "2015.03.26"]

1. e4 e6 2. d4 d5 3. e5 c5 4. c3 Nc6 5. Nf3 Qb6 6. Qd2 cxd4 7. cxd4 Nge7 8. Qf4
Ng6 9. Qd2 Bd7 10. Nc3 Na5 11. Bd3 Bb4 12. O-O O-O 13. Rb1 Rfc8 14. h4 Qc7 15.
Nxd5 Bxd2 16. Nxc7 Rxc7 17. Bxd2 Nc6 18. Bxg6 hxg6 19. Rbc1 Rac8 20. Rfe1 Ne7
21. Rxc7 Rxc7 22. Bc3 Nd5 23. Rd1 Bb5 24. Rd2 Bc4 25. a3 Bb3 26. Rd3 Bc4 27.
Rd2 Bb3 28. Rd3 Bc2 29. Rd2 Ba4 30. Ng5 Kf8 31. Ne4 Ke7 32. g3 b6 33. f3 Bb3
34. Rh2 Rc8 35. h5 gxh5 36. Rxh5 Bc2 37. Rh2 Bxe4 38. fxe4 Nxc3 39. Rc2 Rc4 40.
bxc3 Ra4 41. Ra2 Rc4 42. Rc2 Ra4 43. Ra2 Rc4 44. Rc2 1/2-1/2

[Event "Open dell'Ariete"]
[Site "Torino ITA"]
[Date "2015.05.07"]
[Round "7"]
[White "Vozza, Augusto"]
[Black "Longo, Enrico"]
[WhiteElo "1544"]
[BlackElo "1777"]
[Result "0-1"]
[PlyCount "83"]
[EventDate "2015.03.26"]

1. e4 c5 2. Nf3 e6 3. d3 Nc6 4. Nbd2 b6 5. g3 Bb7 6. Bg2 Nge7 7. O-O Ng6 8. c3
Be7 9. Re1 O-O 10. Nf1 d6 11. Be3 b5 12. Qd2 a5 13. a3 Nce5 14. Nxe5 Nxe5 15.
h3 c4 16. dxc4 Nxc4 17. Qc1 Rc8 18. b3 Ne5 19. Rd1 Qc7 20. Bd4 Nd7 21. Rd3 e5
22. Be3 f5 23. f3 fxe4 24. fxe4 Nf6 25. Nd2 Qb8 26. Bg5 h6 27. Bxf6 Rxf6 28.
Qe1 Rcf8 29. Nf3 Bd8 30. Qe2 Qa7+ 31. Kh2 Ba6 32. b4 a4 33. Rad1 Be7 34. Rf1
Qc7 35. Rfd1 Bc8 36. R1d2 Be6 37. Qd1 Bb3 38. Qe1 Bc4 39. Re3 Bd8 40. Qd1 Qa7
41. Qe1 Bb6 42. Qf2 0-1

[Event "C.to Regionale Sardegna"]
[Site "Cagliari ITA"]
[Date "2015.05.30"]
[Round "1"]
[White "Agus, Lorenzo"]
[Black "Serra, Emanuele"]
[WhiteElo "1574"]
[BlackElo "1815"]
[Result "0-1"]
[PlyCount "44"]
[EventDate "2015.05.30"]

1. e4 c5 2. d4 cxd4 3. c3 dxc3 4. Nxc3 d6 5. Nf3 e6 6. Bf4 a6 7. Qa4+ Bd7 8.
Qb3 Nc6 9. Qxb7 Rb8 10. Qxa6 Nb4 11. Rc1 Nxa6 12. Bxa6 Nf6 13. O-O Be7 14. Rfd1
e5 15. Be3 O-O 16. b3 Bg4 17. Nxe5 Bxd1 18. Nc6 Qd7 19. Nxb8 Rxb8 20. Rxd1 Qc6
21. Ba7 Ra8 22. Nb5 Qxa6 0-1

[Event "C.to Regionale Sardegna"]
[Site "Cagliari ITA"]
[Date "2015.05.30"]
[Round "1"]
[White "Altea, Alessandro"]
[Black "Bonali, Leonardo"]
[WhiteElo "2072"]
[BlackElo "1651"]
[Result "1-0"]
[PlyCount "63"]
[EventDate "2015.05.30"]

1. Nf3 Nf6 2. d4 d5 3. g3 Bf5 4. Bg2 e6 5. O-O Bd6 6. c4 dxc4 7. Nfd2 Bxb1 8.
Rxb1 c6 9. Nxc4 Bc7 10. Qb3 b5 11. Ne5 Bxe5 12. dxe5 Nd5 13. Rd1 Nd7 14. e4
N5b6 15. Be3 Qc7 16. Qb4 Nc4 17. Bf4 Ndxe5 18. b3 Nb6 19. Rbc1 Rc8 20. Rd6 Nbd7
21. Rcd1 Qb7 22. Qc3 f6 23. Rxe6+ Kf7 24. Red6 g5 25. Bxe5 Nxe5 26. Rxf6+ Kxf6
27. Rd6+ Kf7 28. Qxe5 Qe7 29. Qf5+ Ke8 30. Qxc8+ Kf7 31. Qf5+ Kg8 32. Rd7 1-0

[Event "C.to Regionale Sardegna"]
[Site "Cagliari ITA"]
[Date "2015.05.30"]
[Round "1"]
[White "Altea, Luca"]
[Black "Nessi, Davide"]
[WhiteElo "1415"]
[BlackElo "1720"]
[Result "0-1"]
[PlyCount "120"]
[EventDate "2015.05.30"]

1. e4 e5 2. Nf3 Nc6 3. Nc3 Nf6 4. Bb5 Bb4 5. a3 Bxc3 6. dxc3 d6 7. Bd3 h6 8.
Be3 Bg4 9. h3 Bh5 10. c4 Qd7 11. c5 a6 12. cxd6 Qxd6 13. Be2 Qxd1+ 14. Rxd1
Nxe4 15. O-O Rd8 16. Rxd8+ Kxd8 17. Re1 Re8 18. b4 Nd6 19. c4 e4 20. Nd2 Bxe2
21. Rxe2 f5 22. Re1 Kc8 23. Bf4 Ne5 24. c5 Ndc4 25. Bxe5 Nxe5 26. f3 exf3 27.
gxf3 Kd7 28. Kg2 Nd3 29. Rxe8 Kxe8 30. Nc4 Kd7 31. Kf1 Ke6 32. h4 Ne5 33. Nd2
Ng6 34. Kg2 Nxh4+ 35. Kg3 g5 36. f4 Ng6 37. fxg5 hxg5 38. Kf3 Ne5+ 39. Kg3 Kd5
40. Kf2 Nc4 41. Nb1 Kd4 42. Ke2 g4 43. a4 f4 44. b5 a5 45. c6 b6 46. Nd2 Nxd2
47. Kxd2 Ke4 48. Ke2 g3 49. Kf1 Kf3 50. Ke1 g2 51. Kd2 g1=Q 52. Kc3 Qc5+ 53.
Kd3 Kg2 54. Ke4 f3 55. Kd3 Qe5 56. Kd2 f2 57. Kd3 f1=Q+ 58. Kd2 Qee2+ 59. Kc3
Qff3+ 60. Kd4 Qee4# 0-1

[Event "C.to Regionale Sardegna"]
[Site "Cagliari ITA"]
[Date "2015.05.30"]
[Round "1"]
[White "Ardu, Luigi"]
[Black "Spanu, Giacomo"]
[WhiteElo "1800"]
[BlackElo "1529"]
[Result "1-0"]
[PlyCount "41"]
[EventDate "2015.05.30"]

1. d4 Nf6 2. Nc3 e6 3. Bg5 Be7 4. e4 d6 5. f4 c6 6. Nf3 h6 7. Bh4 d5 8. e5 Nfd7
9. Bxe7 Qxe7 10. Qd2 b5 11. Bd3 b4 12. Ne2 a5 13. Ng3 Ba6 14. f5 Bxd3 15. Qxd3
c5 16. c3 c4 17. Qc2 Nc6 18. O-O Qd8 19. fxe6 fxe6 20. Qg6+ Kf8 21. Ng5+ 1-0

[Event "C.to Regionale Sardegna"]
[Site "Cagliari ITA"]
[Date "2015.05.30"]
[Round "1"]
[White "Buttau, Giancarlo"]
[Black "Sollai, Matteo"]
[WhiteElo "1416"]
[BlackElo "1750"]
[Result "0-1"]
[PlyCount "84"]
[EventDate "2015.05.30"]

1. d4 d5 2. c4 e6 3. Nf3 Nf6 4. Bf4 dxc4 5. Nc3 Nd5 6. e3 Nxf4 7. exf4 Bd6 8.
Ne5 O-O 9. Bxc4 Nd7 10. O-O Nb6 11. Bb3 c6 12. a3 Nd5 13. Nxd5 exd5 14. Bc2 Qf6
15. Qd2 Bf5 16. Bxf5 Qxf5 17. g3 Rfe8 18. Rfe1 Qh3 19. Qd3 Re7 20. Nf3 Rae8 21.
Rxe7 Rxe7 22. Ng5 Qh5 23. Nf3 Re4 24. Kg2 f6 25. Re1 Qe8 26. Re3 Qg6 27. Nh4
Qe8 28. Nf5 Bc7 29. Qe2 Rxe3 30. Qxe3 Qe4+ 31. Kg1 g6 32. Nh4 Bb6 33. Nf3 Kf7
34. Nd2 Qxd4 35. f5 Qxe3 36. fxe3 Bxe3+ 37. Kf1 Bxd2 38. Ke2 Bc1 39. b3 Bxa3
40. Kd3 c5 41. h4 b5 42. g4 Bb2 0-1

[Event "C.to Regionale Sardegna"]
[Site "Cagliari ITA"]
[Date "2015.05.30"]
[Round "1"]
[White "Caddeo, Pierluigi"]
[Black "Liguori, Aniello"]
[WhiteElo "1546"]
[BlackElo "1808"]
[Result "1-0"]
[PlyCount "95"]
[EventDate "2015.05.30"]

1. e4 g6 2. d4 Bg7 3. c4 d6 4. Nc3 Nf6 5. Be3 O-O 6. f4 Ng4 7. Qd3 Nxe3 8. Qxe3
e5 9. Nf3 exd4 10. Nxd4 c5 11. Nf3 Qb6 12. Qd2 Be6 13. Be2 Nc6 14. Nd5 Bxd5 15.
cxd5 Nd4 16. O-O Qxb2 17. Qxb2 Nxf3+ 18. Rxf3 Bxb2 19. Rb1 Bd4+ 20. Kf1 Rab8
21. Rfb3 b6 22. Bb5 f5 23. Re1 fxe4 24. Rxe4 Rf7 25. Ke2 Rbf8 26. Rf3 Kg7 27.
Kd3 h5 28. h4 Bg1 29. Be8 Rc7 30. Bc6 Bd4 31. Re6 Rf6 32. Be8 Rc8 33. Bd7 Rc7
34. Bb5 Rxe6 35. dxe6 Kf6 36. Bd7 Bg1 37. Rg3 Bh2 38. Rxg6+ Kxg6 39. e7 Rxd7
40. e8=Q+ Rf7 41. Qg8+ Kf6 42. Qg5+ Ke6 43. Qg6+ Ke7 44. f5 Be5 45. Qxh5 b5 46.
Qg5+ Bf6 47. Qe3+ Kd7 48. Qe6+ 1-0

[Event "C.to Regionale Sardegna"]
[Site "Cagliari ITA"]
[Date "2015.05.30"]
[Round "1"]
[White "Caredda, Giuseppe"]
[Black "Deruda, Leonardo"]
[WhiteElo "1486"]
[BlackElo "1791"]
[Result "0-1"]
[PlyCount "68"]
[EventDate "2015.05.30"]

1. d4 Nf6 2. c4 c5 3. d5 b5 4. Na3 b4 5. Nc2 g6 6. b3 Bg7 7. Bb2 O-O 8. Nf3 d6
9. e3 a5 10. a4 Bf5 11. Bd3 Qc8 12. O-O Ra7 13. Re1 Be4 14. Ng5 Bxd3 15. Qxd3
Qg4 16. f4 Nbd7 17. Re2 Qf5 18. Qxf5 gxf5 19. Ne1 h6 20. Ngf3 Ne4 21. Bxg7 Kxg7
22. Nd2 Nc3 23. Rf2 Nf6 24. Nef3 Ng4 25. Nh4 Nxf2 26. Kxf2 e6 27. Nb1 Ne4+ 28.
Ke2 Re7 29. Nd2 Nc3+ 30. Kf3 Kf6 31. e4 exd5 32. cxd5 fxe4+ 33. Ke3 Nxd5+ 34.
Kf2 e3+ 0-1